Русский язык: шаг за шагом. В 3 частях. Ч. 1, Учебное пособие

書誌詳細
第一著者: И. С. Иванова
その他の著者: С. А. Ильина
要約:Книга находится в премиум-версии платформы «Русский как иностранный».
Учебное пособие предназначено для иностранцев, впервые приступающих к изучению русского языка. Цель обучения — овладение русским алфавитом, освоение фонетических законов русского языка, накопление лексико-грамматических знаний и произносительных навыков, необходимых для успешного освоения русского языка на подготовительном факультете. Задания направлены на максимально эффективное решение элементарных коммуникативных потребностей учащихся в ограниченном наборе ситуаций.
Гарантированный срок размещения на платформе до 30.10.2034 (автопролонгация)
出版事項: Москва, Ай Пи Ар Медиа, 2025
版:Русский язык: шаг за шагом. В 3 частях. Ч. 1
主題:
オンライン・アクセス:Перейти к просмотру издания
フォーマット: MixedMaterials 電子媒体

MARC

LEADER 00000 a2200000 4500
001 RU/ROS-EDU.RU/145041
856 4 |u https://www.ros-edu.ru/book?id=145041  |z Перейти к просмотру издания 
010 |a 978-5-4497-3788-5 (ч. 1), 978-5-4497-3838-7 
205 |a Русский язык: шаг за шагом. В 3 частях. Ч. 1  |b 2034-10-30 
333 |a Гарантированный срок размещения на платформе до 30.10.2034 (автопролонгация) 
100 |a 20250101d2025 |||y0rusy0250   |s 2034-10-30 
105 |a y z 000zy 
101 0 |a rus 
102 |a RU 
200 1 |a Русский язык: шаг за шагом. В 3 частях. Ч. 1  |b Электронный ресурс  |e Учебное пособие  |f И. С. Иванова, С. А. Ильина 
700 1 |b И. С.  |a Иванова  |4 070 
701 1 |b С. А.  |a Ильина  |4 070 
330 |a Учебное пособие предназначено для иностранцев, впервые приступающих к изучению русского языка. Цель обучения — овладение русским алфавитом, освоение фонетических законов русского языка, накопление лексико-грамматических знаний и произносительных навыков, необходимых для успешного освоения русского языка на подготовительном факультете. Задания направлены на максимально эффективное решение элементарных коммуникативных потребностей учащихся в ограниченном наборе ситуаций. 
210 |a Москва  |c Ай Пи Ар Медиа  |d 2025 
610 1 |a русский язык 
610 1 |a РКИ 
610 1 |a русский как иностранный 
610 1 |a фонетика 
610 1 |a лексика 
610 1 |a русский алфавит 
610 1 |a грамматика 
675 |a 81 
686 |a 81.1  |2 rubbk 
300 |a Книга находится в премиум-версии платформы «Русский как иностранный». 
215 |a 140 с.